000 00657nam a2200229Ia 4500
003 OSt
005 20220928102606.0
006 a|||||r|||| 00| 0
007 ta
008 220927b |||||||| |||| 00| 0 eng d
024 _a42648
037 _cTextual
040 _aSDCL
_cSDCL
_beng
041 _2eng
_aeng
082 _aO152,1I83,1:g, N0
100 _aBrahamchari K
_9399205
245 0 _aSoorsagar aur shrimad andhra mahaahbhagwat
_b Tulanatamak adhyayan.
260 _aDelhi
_bPermeshwari Prakashan
_c1990
300 _a168p.
_ccm.
942 _hO152,1I83,1:g, N0
_cTEXL
_2CC
999 _c715070
_d715070